Представление документа в формате MARC21

ПолеНазваниеЗначение
  Тип записи a
  Библиографический уровень m
001 Контрольный номер RU\infra-m\znanium\bibl\2219042
005 Дата корректировки 20260429142220.8
008 Кодируемые данные 260218s2026 RU g rus u
020 Индекс ISBN __
a ISBN 978-5-16-014826-7
020 Индекс ISBN __
a ISBN 978-5-16-107334-6 (электр. издание)
040 Источник каталогиз. __
a Служба первич. каталог. Общество с ограниченной ответственностью «ЗНАНИУМ»
041 Код языка издания __
a Код языка текста rus
044 Код страны публикации __
a Код страны публикации RU
080 Индекс УДК __
a Индекс УДК 504.06(075.4)
084 Индекс другой классификации/Индекс ББК __
2 Источник индекса rubbk
a Индекс другой классификации/Индекс ББК 20.1
084 Индекс другой классификации/Индекс ББК __
2 Источник индекса okso
a Индекс другой классификации/Индекс ББК 05.04.06
084 Индекс другой классификации/Индекс ББК __
2 Источник индекса okso
a Индекс другой классификации/Индекс ББК 05.06.01
084 Индекс другой классификации/Индекс ББК __
2 Источник индекса okso
a Индекс другой классификации/Индекс ББК 20.04.01
084 Индекс другой классификации/Индекс ББК __
2 Источник индекса okso
a Индекс другой классификации/Индекс ББК 20.04.02
084 Индекс другой классификации/Индекс ББК __
2 Источник индекса okso
a Индекс другой классификации/Индекс ББК 20.06.01
100 Автор __
a Автор Крупина Н.Н.
q Полное имя Крупина Надежда Никифоровна
u Дополнение Санкт-Петербургский государственный аграрный университет
245 Заглавие __
a Заглавие Актуальные вопросы аэротехногенной безопасности промзон: фактор озеленения
b Продолж. заглавия Монография
c Ответственность Санкт-Петербургский государственный аграрный университет; Санкт-Петербургский государственный университет аэрокосмического приборостроения (ГУАП)
250 Сведения об издании __
a Основные сведения об издании 1
260 Выходные данные __
a Место издания Москва
b Издательство ООО "Научно-издательский центр ИНФРА-М"
c Дата издания 2026
300 Физическое описание __
a Объем 188 с.
440 Серия __
a Серия Научная мысль
520 Аннотация __
a Аннотация С позиции междисциплинарного подхода в монографии обсуждаются состояние проблемы и перспективы развития озелененных территорий промзон индустриальных городов. Обозначены функции и роль барьерных территорий в каркасе современного города с позиции задач национального проекта «Чистый воздух» приемы планировочной организации и подходы к оценке комплекса экосистемных эффектов. Предложены новые оценки пространственного фактора локализации ущерба от аэротехногенного воздействия и рационализации построения сети постов мониторинга качества воздуха в ситуации неоднородности загрязнения и наложения потоков выбросов от одновременно работающих многочисленных источников промзон. Рассмотрены методологические аспекты инновационной модернизации барьерных территорий. Будет интересна специалистам в области градостроения промышленной экологии и санитарии городского управления аэротехногенной безопасности студентам аспирантам и преподавателям соответствующих дисциплин а также всем интересующимся вопросами управления экосистемными услугами озелененных территорий.
521 Примеч. о цел. назн. __
a Примеч. о целев. назн. Дополнительное профессиональное образование
650 Тематические рубрики __
a Основная рубрика Науки о Земле. Экология
x Основная подрубрика Отраслевая и прикладная экология
655 Указ. предметных рубрик (устаревшее) __
a Жанр/ форма (устаревшее) Монография
700 Другие авторы __
a Другие авторы Киприянова Е.Н.
q Полное имя Киприянова Елена Николаевна
u Дополнение Санкт-Петербургский государственный университет аэрокосмического приборостроения (ГУАП)
856 Электронный адрес документа 4_
a Имя сервера/домена znanium.ru
m Помощь ebs_support@infra-m.ru
n Местонахождение сервера НИЦ ИНФРА-М
u URL https://znanium.ru/catalog/document?id=476885
856 Электронный адрес документа 48
a Имя сервера/домена znanium.ru
d Путь /cover/2219
f Электронное имя 2219042.jpg
q Тип электронного формата image/jpeg
u URL https://znanium.ru/cover/2219/2219042.jpg
911 __
u 0030=https://znanium.ru/catalog/document?id=476885
911 __
u 712a=Санкт-Петербургский государственный университет аэрокосмического приборостроения (ГУАП)